Viaje alrededor de mi cuarto

Saved in:
Bibliografiske detaljer
Hovedforfatter: Maistre, Javier de (autor)
Format: Bog
Sprog:spansk
Udgivet: Buenos Aires Espasa-Calpe 1950
Serier:Colección Austral, 962
Fag:
Tags: Tilføj Tag
Ingen Tags, Vær først til at tagge denne postø!

MARC

LEADER 00000nam a2200000 a 4500
001 UCZ6396
003 CL-VaPUC
008 951211e19500000AG |||||||||||||||||spa|d
082 0 4 |a 843  |b MAI  |2 21 
100 |a Maistre, Javier de  |e autor  |9 350667 
245 1 0 |a Viaje alrededor de mi cuarto 
246 1 3 |a La joven siberiana 
300 |a 147 p 
942 |c BK 
945 |d 19951211 00:00:00  |a rleighto 
260 |a Buenos Aires  |b Espasa-Calpe  |c 1950 
650 0 |a Novela francesa  |9 264985 
583 |a last modification  |c 19951211 00:00:00  |k Rodrigo Vera 
490 0 |a Colección Austral, 962 
999 |c 242601  |d 242599 
952 |0 0  |1 0  |4 0  |6 843_000000000000000_MAI_1950  |7 0  |8 A  |9 255659  |a BIBEDU  |b BIBEDU  |d 2019-11-19  |i 3160661  |o 843 MAI 1950  |p 3160661  |r 2019-11-19  |w 2019-11-19  |y BK  |k LIT